000 01024naa a2200301 c 4500
001 43256
003 ES-MaCES
005 20150929135605.0
008 120912n2012 fr t 000 | fre d
035 _aCES20120008671v
040 _aES-MaCES
_bspa
_cES-MaCES
100 1 _aDrevet, Jean-François
_910972
245 1 2 _aL'Union européenne face à ses grands voisins orientaux
_cpar Jean-François Drevet
500 _aResumen
650 4 _aTurquía
_926990
650 4 _aIrán, República Islámica
_926976
650 4 _aRusia, Federación (1991- )
_930484
650 4 _arelaciones internacionales
_926675
650 4 _afrontera
_926677
650 4 _apolítica comunitaria
_930776
650 4 _apolítica exterior
_926687
653 1 0 _aMercado Único Europeo
650 4 _926752
_aUE
773 0 _tFuturibles
_gnº 387 (juil.-août 2012){10324 R. 081726}; p. 113-117
_w(ES-MaCES)25335
_951877
902 _aART Artículo de revista
942 _2CES
_cAR
_h1.0.
999 _c43256
_d43256